00157 a2200073 4500001000700000040003200007100002000039245002400059125100 cEscola Canadense de Niteroi aOrthof, Sylvia 10aFoi O Ovo? Uma Ova!